2024 MLB Playoff Lineups - Statistics

General Stats
  • This quiz has been taken 156 times
  • The average score is 77 of 163
Answer Stats
Hint Hint Answer % Correct
Los Angeles Dodgers 1B Freddie Freeman
95%
Cleveland Guardians DH David Fry
93%
Los Angeles Dodgers RF Mookie Betts
92%
Los Angeles Dodgers DH Shohei Ohtani
90%
Los Angeles Dodgers C Will Smith
90%
Baltimore Orioles DH Ryan O’Hearn
85%
New York Yankees CF Aaron Judge
83%
Philadelphia Phillies 1B Bryce Harper
83%
Los Angeles Dodgers LF Teoscar Hernandez
83%
Los Angeles Dodgers CF Kike Hernandez
80%
Philadelphia Phillies DH Kyle Schwarber
78%
Philadelphia Phillies SS Trea Turner
78%
New York Mets SS Francisco Lindor
76%
Atlanta Braves 1B Matt Olson
76%
New York Mets 1B Pete Alonso
76%
Houston Astros DH Yordan Alvarez
76%
Cleveland Guardians 3B Jose Ramirez
75%
Los Angeles Dodgers 3B Max Muncy
75%
New York Yankees SS Anthony Volpe
73%
Kansas City Royals SS Bobby Witt Jr.
73%
New York Mets C Francisco Alvarez
73%
New York Yankees RF Juan Soto
73%
New York Yankees C Austin Wells
71%
San Diego Padres RF Fernando Tatis Jr.
71%
Kansas City Royals C Salvador Perez
71%
Philadelphia Phillies SP Aaron Nola
69%
New York Yankees 1B Anthony Rizzo
69%
New York Yankees SP Gerrit Cole
69%
Philadelphia Phillies C J.T. Realmuto
69%
San Diego Padres 3B Manny Machado
69%
Detroit Tigers SP Reese Olson
69%
Detroit Tigers SP Tarik Skubal
69%
Detroit Tigers RF Wenceel Perez
69%
Philadelphia Phillies SP Zack Wheeler
69%
Philadelphia Phillies 3B Alec Bohm
68%
New York Yankees DH Giancarlo Stanton
68%
Baltimore Orioles SS Gunnar Henderson
68%
Atlanta Braves 2B Ozzie Albies
68%
Houston Astros 2B Jose Altuve
66%
Philadelphia Phillies RF Nick Castellanos
66%
Los Angeles Dodgers SS Tommy Edman
66%
Philadelphia Phillies 2B Bryson Stott
64%
Los Angeles Dodgers MGR Dave Roberts
64%
Los Angeles Dodgers SP Yoshinobu Yamamoto
64%
New York Yankees MGR Aaron Boone
63%
Cleveland Guardians C Bo Naylor
63%
Cleveland Guardians 1B Josh Naylor
63%
Detroit Tigers LF Riley Greene
63%
Cleveland Guardians LF Steven Kwan
63%
Philadelphia Phillies LF Brandon Marsh
61%
New York Yankees 2B Gleyber Torres
61%
Baltimore Orioles C Adley Rutschman
59%
Philadelphia Phillies CF Johan Rojas
59%
Atlanta Braves CF Michael Harris II
59%
Atlanta Braves SS Orlando Arcia
59%
Milwaukee Brewers MGR Pat Murphy
58%
Houston Astros C Yainer Diaz
58%
New York Mets LF Brandon Nimmo
56%
Detroit Tigers 1B Spencer Torkelson
56%
Milwaukee Brewers C William Contreras
56%
Baltimore Orioles CF Cedric Mullins
54%
New York Yankees 3B Jazz Chisholm Jr.
54%
New York Mets 3B Mark Vientos
54%
San Diego Padres SS Xander Bogaerts
54%
Houston Astros 3B Alex Bregman
53%
New York Yankees SP Carlos Rodon
53%
Baltimore Orioles SP Corbin Burnes
53%
Los Angeles Dodgers 2B Gavin Lux
53%
San Diego Padres CF Jackson Merrill
53%
San Diego Padres 1B Luis Arraez
53%
Atlanta Braves DH Marcell Ozuna
53%
Houston Astros SP Framber Valdez
51%
San Diego Padres 2B Jake Cronenworth
51%
Milwaukee Brewers SP Freddy Peralta
49%
Houston Astros SS Jeremy Peña
49%
Houston Astros RF Kyle Tucker
49%
Baltimore Orioles 1B Ryan Mountcastle
49%
Atlanta Braves C Travis d’Arnaud
49%
San Diego Padres SP Yu Darvish
49%
New York Yankees LF Alex Verdugo
47%
Los Angeles Dodgers SP Jack Flaherty
47%
Cleveland Guardians RF Jhonkensy Noel
47%
San Diego Padres LF Jurickson Profar
47%
Atlanta Braves SP Max Fried
47%
Philadelphia Phillies SP Ranger Suarez
47%
Cleveland Guardians 2B Andres Gimenez
46%
Philadelphia Phillies SP Cristopher Sanchez
46%
Detroit Tigers DH Kerry Carpenter
46%
New York Yankees SP Luis Gil
46%
New York Mets RF Starling Marte
46%
New York Mets CF Tyrone Taylor
46%
Kansas City Royals DH Vinnie Pasquantino
46%
San Diego Padres SP Dylan Cease
44%
Milwaukee Brewers DH Gary Sanchez
44%
San Diego Padres SP Michael King
44%
Los Angeles Dodgers SP Walker Buehler
44%
Milwaukee Brewers LF Jackson Chourio
42%
Milwaukee Brewers SS Willy Adames
42%
Baltimore Orioles RF Anthony Santander
41%
Kansas City Royals SP Cole Ragans
41%
Kansas City Royals 3B Maikel Garcia
41%
Cleveland Guardians SP Tanner Bibee
41%
Cleveland Guardians SS Brayan Rocchio
39%
Milwaukee Brewers 2B Brice Turang
39%
Kansas City Royals SP Seth Lugo
39%
Detroit Tigers MGR A.J. Hinch
37%
Houston Astros CF Chas McCormick
37%
Atlanta Braves MGR Brian Snitker
36%
Baltimore Orioles 2B Jordan Westburg
36%
Houston Astros SP Hunter Brown
34%
Detroit Tigers C Jake Rogers
34%
San Diego Padres SP Joe Musgrove
34%
Philadelphia Phillies MGR Rob Thomson
34%
Milwaukee Brewers RF Sal Frelick
34%
Cleveland Guardians MGR Stephen Vogt
34%
Baltimore Orioles 3B Ramon Urias
32%
New York Mets SP Sean Manaea
32%
Cleveland Guardians SP Gavin Williams
31%
Baltimore Orioles MGR Brandon Hyde
29%
New York Mets MGR Carlos Mendoza
29%
New York Yankees SP Clarke Schmidt
29%
New York Mets SP Kodai Senga
29%
San Diego Padres C Kyle Higashioka
29%
San Diego Padres MGR Mike Shildt
29%
New York Mets DH Jesse Winker
27%
Milwaukee Brewers 1B Rhys Hoskins
27%
Detroit Tigers 2B Colt Keith
25%
Baltimore Orioles LF Colton Cowser
25%
Cleveland Guardians CF Lane Thomas
25%
Kansas City Royals 2B Michael Massey
25%
Kansas City Royals SP Michael Wacha
25%
Detroit Tigers CF Parker Meadows
25%
New York Mets SP Jose Quintana
24%
Kansas City Royals CF Kyle Isbel
24%
Kansas City Royals LF M.J. Melendez
24%
Atlanta Braves RF Jorge Soler
22%
New York Mets SP Luis Severino
22%
Houston Astros LF Mauricio Dubon
22%
Kansas City Royals 1B Yuli Gurriel
22%
Baltimore Orioles SP Zach Eflin
22%
New York Mets 2B Jose Iglesias
20%
Detroit Tigers 3B Matt Vierling
20%
New York Mets SP David Peterson
17%
Milwaukee Brewers SP Frankie Montas
17%
Houston Astros MGR Joe Espada
17%
Kansas City Royals RF Tommy Pham
17%
Detroit Tigers SS Trey Sweeney
17%
Milwaukee Brewers 3B Joey Ortiz
15%
Atlanta Braves 3B Gio Urshela
14%
Cleveland Guardians SP Matthew Boyd
14%
Milwaukee Brewers SP Tobias Myers
14%
Atlanta Braves SP A.J. Smith-Shawver
12%
Cleveland Guardians SP Alex Cobb
12%
Kansas City Royals MGR Matt Quatraro
12%
Atlanta Braves LF Ramon Laureano
12%
Milwaukee Brewers CF Blake Perkins
10%
Los Angeles Dodgers SP Ben Casparius
8%
Detroit Tigers SP Keider Montero
8%
Los Angeles Dodgers SP Michael Kopech
8%
Los Angeles Dodgers SP Ryan Brasier
8%
Houston Astros 1B Victor Caratini
8%
Detroit Tigers SP Tyler Holton
5%
San Diego Padres DH Donovan Solano
3%
No matching quizzes found
Score Distribution
Percent of People with Each Score
Percentile by Number Answered
Your Score History
You have not taken this quiz